[Event "Lost Boys op"]
[Site "Antwerp"]
[Date "1999.08.01"]
[Round "3"]
[White "Jonkman, Harmen"]
[Black "Golod, Vitali"]
[Result "0-1"]
[WhiteElo "2421"]
[BlackElo "2568"]
[Annotator "Golod,V"]
[PlyCount "68"]
[EventDate "1999.07.30"]
[EventType "swiss"]
[EventRounds "9"]
[EventCountry "BEL"]
[SourceTitle "EXT 2000"]
[Source "ChessBase"]
[SourceDate "1999.11.16"]
[SourceVersion "1"]
[SourceVersionDate "1999.11.16"]
[SourceQuality "1"]

{[%mdl 32]} 1. e4 c5 2. c3 Nf6 3. e5 Nd5 4. Nf3 d6 $5 (4... Nc6 $5 {Is the
main line.}) 5. Bc4 $5 ({Another alternative is:} 5. d4 $5 cxd4 6. cxd4 Nc6 {
and so on.}) 5... dxe5 $5 {Besides this move black has two options:} (5... Nb6
$5 6. Bb3 (6. Bxf7+ $2 Kxf7 7. Ng5+ Kg8 8. Qf3 Qe8 9. e6 g6 $17) 6... Nc6 (6...
c4 $5 7. Bc2 (7. Bxc4 $6 Nxc4 8. Qa4+ Nc6 9. Qxc4 dxe5 {=/=/+}) 7... dxe5 8.
Nxe5 N8d7 9. Qe2 Qc7 10. Nxd7 Bxd7 $11 {Carlier,B-De Vreugt,D/NLD,1994(0-1)(41)
}) 7. exd6 Qxd6 (7... c4 $5 8. Bc2 Qxd6 9. Na3 Qe6+ 10. Qe2 Qxe2+ 11. Kxe2 Bg4
12. b3 cxb3 13. axb3 Rc8 14. h3 {1/2-1/2 Sveshnikov,E-Yudasin,L/Kemerovo, 1995
(14)}) (7... e5 $2 8. d4 $1 c4 9. Ba4 Nxa4 10. Qxa4 exd4 11. Nxd4 Bxd6 12. Nxc6
Qd7 13. Nd2 Qxc6 14. Qxc6+ bxc6 15. Nxc4 $16 {Sermek,D-Soln,P/Maribor,1998(1-0)
(36)}) 8. d4 cxd4 9. cxd4 Bf5 10. Nc3 e6 11. O-O Be7 12. d5 Nxd5 13. Nxd5 exd5
14. Qxd5 Qxd5 15. Bxd5 O-O 16. Bg5 Bxg5 17. Nxg5 h6 18. Nf3 {1/2-1/2 Hansen,
L-Hellers,F/Malmo,1993(18)}) ({and} 5... e6) 6. Nxe5 e6 7. O-O ({Dubious:} 7.
Qh5 {in view of:} g6 8. Qf3 (8. Qe2 Bg7 $11) 8... Qf6 $11) (7. d4 $5 Nb6 $6 (
7... cxd4 $142) 8. Bb5+ N8d7 9. Qh5 g6 10. Qf3 $36 {Drenchev,P-Guerra,V/Holon,
1995(1-0)(48)}) 7... Nd7 $5 $146 (7... Bd6 $5 {-was checked in the previous
game.} 8. d4 O-O 9. Qe2 Nd7 10. Re1 b6 11. Nxd7 Bxd7 12. dxc5 bxc5 {+/=/=
Johnsen,S-Paasikangas,J/Linkoping, 1995(0-1)(39)}) 8. Nf3 $6 ({In my opinion
slightly better is:} 8. Nxd7 $5 Qxd7 (8... Bxd7 $143 9. Bxd5 exd5 10. Re1+ Be7
11. d4 $14) 9. d4 {+/=/=}) ({Also dubious:} 8. Bxd5 $6 Nxe5 (8... exd5 $6 9.
Nxd7 Bxd7 10. Re1+ Be7 11. d4 $14) 9. Be4 $11) 8... Be7 9. d4 O-O 10. Qe2 b6 $5
{[%cal Gc8b7]} 11. Nbd2 ({Can be recommended:} 11. dxc5 $5 bxc5 $13 (11... Nxc5
$143 12. Rd1 $14)) 11... Bb7 12. Ne4 cxd4 13. Nxd4 (13. cxd4 $6 Rc8 {[%csl Rd4]
=/=/+}) 13... Nc5 14. Rd1 $5 {[%csl Gd1,Rd8] /\15.Nc5 and 16.Ne6} ({Badly at
first:} 14. Nxc5 bxc5 $140 15. Nxe6 $4 {because of:} fxe6 16. Qxe6+ Kh8 17. Rd1
Rf6 $1 {[%csl Yf6]} 18. Qe4 (18. Rxd5 $4 Rxe6 19. Rxd8+ Rxd8 20. Bxe6 Rd1#)
18... Rd6 $19 {[%csl Yb7,Rd5,Yd6,Yd8]}) 14... Kh8 $1 {/\15...Ne4 and 16...Nc3}
({Dubious:} 14... Nxe4 15. Qxe4 $140 Nxc3 $2 {in view of:} 16. Qxb7 Nxd1 17.
Nc6 {[%csl Rd8,Re7]} Qd6 18. Nxe7+ Kh8 19. Qf3 $5 Qxe7 (19... Nxb2 $2 20. Bxb2
Qxe7 21. Ba3 $18 {[%csl Re7,Rf8]}) 20. Qxd1 $16) 15. Nxc5 ({Probably slightly
better is:} 15. Ng3 Qc7 $13 {[%cal Gd5f4]} (15... Bg5 $143 16. Bxd5 $1 exd5 $8
17. Bxg5 Qxg5 18. Re1 $14)) 15... bxc5 16. Nc2 $6 ({It is necessary:} 16. Nf5
$1 Bf6 (16... exf5 $6 17. Bxd5 Bxd5 18. Qe5 {[%csl Rd5] +/=/+/-} Bf6 19. Qxd5 (
19. Qxf5 $4 Be6 $19 {[%csl Rd1,Rf5]}) 19... Qxd5 20. Rxd5 Rfd8 21. Rxd8+ Rxd8
22. Be3 $14 {[%csl Ra7,Rc5]}) (16... Bg5 $143 17. Ne3 {+/=/=} (17. Nd6 $143 Bc6
$13)) 17. Ne3 Nf4 18. Qg4 Qc7 $11) 16... Qc7 17. Bd3 Rad8 18. c4 $6 {[%mdl
16384] After this strategical blunder I have posional advantage.} (18. g3 $2
Qc6 {[%csl Gb7,Gc6,Rg1]} 19. Bb5 $140 $4 Nf4 $19 {[%csl Rb5,Gb7,Gc6,Rd1,Gd8,
Re2,Gf4,Rg1]}) (18. Qe4 $142 f5 $5 (18... Nf6 $5) 19. Qxe6 Bd6 $36 {[%csl Re6,
Rh2][%cal Gd8e8]}) 18... Nf4 19. Bxf4 Qxf4 $15 20. Qe3 Qxe3 $5 {This move
better than:} (20... Qg4 {in view of:} 21. f3 {[%cal Gd3e4]} (21. Qg3 $6 Qxg3 (
21... Qh5 $4 22. Qc7 {[%csl Rb7,Re7]} Bxg2 23. Kxg2 Bd6 24. Qc6 Qg4+ 25. Kf1
Qh3+ 26. Ke2 $16) 22. hxg3 Bf6 {=/+/-/+_|_}) 21... Qg5 22. Qxg5 Bxg5 23. Rab1 {
=/=/+_|_}) 21. fxe3 (21. Nxe3 $143 Bf6 22. Rab1 Rd6 {=/+/-/+}) 21... Bf6 22.
Rab1 a5 $5 {[%csl Ya5,Yc5][%cal Yc5b4,Ya5b4]} ({Worse is:} 22... Rd7 {in view
of:} 23. b4 $15) 23. Ne1 Rd6 {[%cal Gf8d8]} 24. Kf2 Rfd8 25. Ke2 g5 $5 {
/\g4(><f3)} 26. b3 $2 {[%mdl 16384] Again strategical blunder.} ({It is
necessary:} 26. Bc2 Rxd1 27. Bxd1 g4 28. Bc2 Kg7 29. b3 h5 30. Rd1 Rxd1 31.
Bxd1 Be5 32. g3 f5 {=/+/-/+}) 26... Bc3 $1 {[%csl Rd3,Ye1][%cal Gc3e1]} 27. Nf3
g4 $1 $17 28. Ng5 Kg7 {[%csl Rg5][%cal Gf7f5,Gh7h6]} 29. Be4 $2 {Right now
tactical blunder.Loses right away.} (29. Ne4 $8 Bxe4 $1 (29... Rxd3 $2 30. Nxc3
$8 (30. Rxd3 $4 Bxe4 31. Rxd8 Bxb1 {[%csl Ra2,Gb1,Rb3,Gc3,Rc4] -/+/-+}) 30...
Rxd1 31. Rxd1 Rxd1 32. Kxd1 Bxg2 33. Na4 $13 {[%csl Rc5]}) 30. Bxe4 Rd2+ 31.
Rxd2 Rxd2+ 32. Kf1 Rxa2 $17) 29... Rd2+ 30. Rxd2 Rxd2+ 31. Kf1 Bc8 $1 $19 {
[%csl Rg5][%cal Gh7h6]} 32. Bxh7 (32. Rc1 $144 Bb4 $1 (32... Be5 $143 33. Ke1
$1 Rxa2 34. Rd1 h6 35. Rd8 $17) 33. Rc2 Rxc2 34. Bxc2 f5 $19 {[%cal Gh7h6]})
32... f5 {[%csl Rg5,Rh7][%cal Yf5e4,Gc3f6]} 33. h4 Bf6 34. Ke1 Rxg2 (34... Rxg2
35. Kf1 Rh2 {[%cal Gh2h1,Gh2h4]} 36. Kg1 Rxh4 $19 {[%csl Rg5,Rh7]}) 0-1

[Event "Ankara TUR-IRI m"]
[Site "Ankara"]
[Date "2011.09.16"]
[Round "8"]
[White "Kanmazalp, Ogulcan"]
[Black "Darini, Pouria"]
[Result "1-0"]
[WhiteElo "2424"]
[BlackElo "2470"]
[Annotator "Grivas,E"]
[PlyCount "121"]
[EventDate "2011.09.09"]
[EventType "schev"]
[EventRounds "8"]
[EventCountry "TUR"]
[SourceTitle "CBM 144 Extra"]
[Source "ChessBase"]
[SourceDate "2011.10.28"]
[SourceVersion "1"]
[SourceVersionDate "2011.10.28"]
[SourceQuality "1"]
[WhiteTeam "Turkey"]
[BlackTeam "Iran"]
[WhiteTeamCountry "TUR"]
[BlackTeamCountry "IRI"]

1. e4 c5 2. c3 d5 3. exd5 Qxd5 4. d4 Nf6 5. Nf3 Bg4 6. Be2 e6 7. O-O Nc6 8. h3
Bh5 9. Be3 cxd4 10. Nxd4 Bxe2 11. Qxe2 Be7 12. Rd1 O-O 13. c4 Nxd4 14. Bxd4 Qc6
15. Nd2 Rfd8 16. Nf3 Rac8 17. Ne5 Qa6 18. b3 Qa5 19. a3 Nd7 20. Nxd7 Rxd7 21.
Bb2 Rcd8 22. Rxd7 Rxd7 23. Rd1 Rxd1+ 24. Qxd1 Bxa3 25. Bxa3 Qxa3 26. Qd8+ Qf8
27. Qc7 Qa8 28. b4 Kf8 29. c5 a6 30. Kf1 Qe8 31. Qxb7 Qb5+ 32. Qxb5 axb5 {
This endgame looks like a draw, as there is hardly any entrance for the white
king on the kingside, so there is little hope to benefit from the protected
passed c-pawn... As in such cases the protected passed pawn is operating as
the decoy (it hardly can queen!) White is obliged to find the desired
breakthrough on the kingside.} 33. Ke2 $1 ({It would be wrong to the early
push of the f-pawn, as after} 33. f4 $2 {Black always will have the chance to
quickly create his own passed pawn as well with ...f6 and ...e5 in a later
stage of the game.}) 33... Ke7 34. Ke3 Kd7 35. Kd4 Kc6 36. g4 $1 {With the use
of the g-pawn White will create the desired breakthrough and potential
entrance for his king.} f6 ({Sooner or later Black will have to go for this.
The alternative waiting strategy with} 36... Kd7 {loses to} 37. g5 Kc6 38. Ke5
Kd7 39. h4 Ke7 40. h5 Kd7 41. f3 $1 ({creating a zugzwang. Wrong would be} 41.
h6 $2 gxh6 42. gxh6 Ke7 43. c6 f6+ 44. Kd4 Kd6 45. c7 e5+ 46. Ke4 Kxc7 $11)
41... Ke7 42. c6 h6 (42... f6+ 43. Kd4 Kd6 44. h6 $18) 43. gxh6 gxh6 44. c7 f6+
45. Kd4 Kd7 46. Kc5 Kxc7 47. Kxb5 Kd6 48. Kb6 $1 (48. Kc4 $2 e5 49. b5 f5 $11)
48... e5 49. b5 f5 50. Ka7 $18 {.}) 37. g5 $1 ({Only by this!} 37. h4 $2 Kd7
38. g5 h5 39. gxh6 gxh6 40. Ke4 h5 {, would only lead to a draw, as White
would have lost his entrance point on h4.}) 37... Kd7 (37... fxg5 {should have
been tried, as it requires accuracy by White:} 38. Ke5 Kd7 39. f3 (39. c6+ {
wins as well:} Kxc6 (39... Kc7 40. Kxe6 Kxc6 41. f3 $1 h6 42. Ke5 $1 (42. Kf7
$2 Kd6 (42... Kd5 43. Kxg7 Kc4 44. Kxh6 Kxb4 45. Kxg5 Kc4 46. h4 b4 47. h5 b3
48. h6 b2 49. h7 b1=Q 50. h8=Q Qg1+ $11) 43. Kxg7 Ke6 44. Kxh6 Kf6 $11) 42...
Kb6 43. Kd5 g6 44. Kd6 Kb7 45. Kc5 Ka6 46. Kc6 h5 47. Kc5 $18) 40. Kxe6 h6 41.
f3) 39... h6 (39... Ke7 40. c6 h6 41. c7 Kd7 42. c8=Q+ Kxc8 43. Kxe6 Kc7 44.
Kd5 $1 (44. Kf7 $2 Kd7 45. Kxg7 Ke6 46. Kxh6 Kf6 $11) 44... Kb6 45. Kd6 Kb7 46.
Kc5 Ka6 47. Kc6 $18) 40. c6+ Kc7 41. Kxe6 Kxc6 42. Ke5 $1 $18 {, as shown
above.}) 38. gxf6 gxf6 39. Ke4 ({Now, as the white h-pawn is still behind (} 
39. h4 $2 h5 $1 $11 {) the white king can attack the black h-pawn via the
h-file.}) 39... Kc6 40. Kf4 Kd7 41. Kg4 Ke7 42. Kh5 e5 ({Black should do
something active, as the passive} 42... Kf7 43. Kh6 Kg8 44. c6 {loses quickly.
But any pawn movement weakens his position further...}) 43. Kh6 $2 ({
Inaccurate. White should retreat with} 43. Kg4 $1 Ke6 44. h4 e4 (44... h6 45.
Kh5 f5 46. Kxh6 e4 47. Kg5 Ke5 48. h5 f4 49. h6 e3 50. fxe3 fxe3 51. h7 e2 52.
h8=Q+ $18) 45. Kf4 f5 46. h5 Kf6 47. c6 Ke6 48. h6 $18 {. Now he will have to
copy with a (won) queen ending.}) 43... e4 $1 44. h4 Ke6 ({Or} 44... f5 45. Kg5
Ke6 46. Kf4 $18 {.}) 45. h5 Kd7 $6 ({Black could create some (minor) problems
for White with} 45... Kd5 46. Kxh7 f5 47. h6 f4 {, as now} 48. Kg7 $1 {should
be played:} (48. Kg8 $2 e3 49. fxe3 fxe3 50. h7 e2 51. h8=Q e1=Q 52. Qh5+ Kc6 (
52... Kc4 $2 53. Qg4+ Kc3 54. Qd7 Kxb4 55. c6 $18) 53. Qg6+ Kc7 54. Qb6+ Kc8
55. Qc6+ (55. Qxb5 $2 Qe6+ $11) 55... Kd8 $16) 48... e3 49. fxe3 fxe3 50. h7 e2
51. h8=Q e1=Q 52. Qd8+ Kc6 (52... Kc4 53. c6 $18) 53. Kf7 $1 Qc1 (53... Qxb4
54. Qd6+ Kb7 55. c6+ $18 {is the typical trick that always saves the white
b-pawn}) 54. Ke8 $1 {and White triumphs.}) 46. Kxh7 f5 47. Kg6 $1 (47. Kg7 $2 {
limits White's checks from the 7th and 8th ranks (which White clears with his
text move):} f4 48. h6 e3 49. fxe3 fxe3 50. h7 e2 51. h8=Q e1=Q 52. Qh3+ Kc7
$16 {.}) 47... f4 48. h6 e3 49. fxe3 fxe3 50. h7 e2 51. h8=Q e1=Q 52. Qg7+ Kc8
53. Qg8+ Kc7 54. Qf7+ Kb8 55. Qf4+ Kb7 56. Kf5 $1 {It is time for the white
king to assist - he will be either creating mating threats or simply capture
the black b-pawn. Black must also watch out for a queen exchange - all these
are too much for Black to handle with.} Kc8 ({Or} 56... Qd1 57. Qe4+ Kb8 58.
Ke6 $18 {.}) 57. Qe4 Qf2+ 58. Ke6 Qa2+ 59. Kd6 Qd2+ 60. Qd5 (60. Kc6 Qd7+ 61.
Kb6 $18 {is easy as well.}) 60... Qxb4 $2 ({Makes it easier, but there was no
chance either after} 60... Qf4+ 61. Kc6 $18 {.}) 61. Qa8# {A brilliant
cooperation of the white forces!} 1-0

[Event "Nuremberg LGA Cup 8th"]
[Site "Nuremberg"]
[Date "2011.09.10"]
[Round "4"]
[White "Sanikidze, Tornike"]
[Black "Zozulia, Anna"]
[Result "1-0"]
[WhiteElo "2512"]
[BlackElo "2355"]
[Annotator "Gutman,L"]
[PlyCount "53"]
[EventDate "2011.09.08"]
[EventType "swiss"]
[EventRounds "7"]
[EventCountry "GER"]
[SourceTitle "CBM 144 Extra"]
[Source "ChessBase"]
[SourceDate "2011.10.28"]
[SourceVersion "1"]
[SourceVersionDate "2011.10.28"]
[SourceQuality "1"]

1. e4 c5 2. Nf3 e6 3. c3 Nf6 4. e5 Nd5 5. Bc4 Nb6 ({In Tiviakov-Manolache,
Eforie Nord 2011, folgte} 5... d6 6. exd6 Bxd6 7. d4 Nc6 8. dxc5 Bxc5 9. O-O
O-O $11) 6. Bb3 d6 7. exd6 Bxd6 8. d4 O-O 9. O-O N8d7 ({Das natürliche} 9...
Nc6 {reicht nicht aus wegen} 10. dxc5 Bxc5 11. Qe2 Nd5 (11... Qc7 12. Nbd2 e5
13. Re1 $16) 12. c4 $5 ({Wenig leistet} 12. Rd1 Qc7 $11 {Magem Badals-Antunes,
Linares Zonenturnier 1995}) 12... Nf6 13. Nc3 $14) 10. Re1 ({In Betracht kommt
} 10. Qe2 Qc7 11. Na3 $5 ({Eine Verbesserung gegenüber} 11. Bg5 h6 12. Bh4 Nd5
$11 {Keitlinghaus-Epishin, Deizisau 2003}) 11... a6 12. Be3 $14) 10... Qc7 ({
Dies ist genauer als} 10... Nf6 11. Bg5 Bd7 12. Nbd2 Bc6 13. dxc5 Bxc5 14. Ne5
h6 15. Bh4 $14 {Blauert-Janosi, E-Mail 2006}) 11. Bc2 ({Nach} 11. Nbd2 Nf6 12.
dxc5 Bxc5 $11 {steht Schwarz nicht schlechter.}) 11... Bf4 $2 ({Besser gefällt
} 11... cxd4 $5 12. Qxd4 Rd8 13. Qh4 ({Oder} 13. Bg5 f6) 13... Nf8 $11) 12. Qd3
g6 13. Bxf4 Qxf4 14. Nbd2 $6 ({Viel stärker wäre} 14. g3 Qf5 15. Qe2 $16 {
gewesen.}) 14... cxd4 15. Nxd4 ({Vielleicht ist} 15. g3 Qf5 16. cxd4 Qxd3 17.
Bxd3 Nf6 18. Rac1 Bd7 19. Ne5 Rfc8 20. Ne4 Nxe4 21. Bxe4 Rab8 22. b3 Be8 23.
Rxc8 Nxc8 24. d5 $14 {etwas genauer.}) 15... Nf6 16. N2f3 Bd7 17. g3 Qc7 18.
Ne5 Rad8 19. Qf3 Nfd5 20. Qg4 Nf6 $2 {Nach diesem Zeitverlust bricht die
schwarze Stellung zusammen.} ({Richtig war} 20... Nc4 $5 {, um den weißen
Springer auf e5 abzutauschen,} 21. Nxc4 Qxc4 22. Bb3 Qc5 23. Rad1 e5 24. Qf3
Nb6 25. Nc2 Bc6 26. Qf6 Nd7 $11) 21. Qf4 Nbd5 22. Qh6 b5 23. Ndf3 Bc8 24. Ng5
Bb7 25. Rad1 Qc5 26. Rd4 Rfe8 27. Ngxf7 1-0

[Event "Werther Schloss op-A 12th"]
[Site "Werther"]
[Date "2006.04.08"]
[Round "4"]
[White "Karpatchev, Aleksandr"]
[Black "Halkias, Stelios"]
[Result "1/2-1/2"]
[WhiteElo "2521"]
[BlackElo "2528"]
[Annotator "Gutman,L"]
[PlyCount "87"]
[EventDate "2006.04.06"]
[EventType "swiss"]
[EventRounds "7"]
[EventCountry "GER"]
[SourceTitle "CBM 111 Extra"]
[Source "ChessBase"]
[SourceDate "2006.05.09"]
[SourceVersion "1"]
[SourceVersionDate "2006.05.09"]
[SourceQuality "1"]

1. e4 c5 2. c3 Nf6 3. e5 Nd5 4. d4 cxd4 5. cxd4 d6 6. Bc4 e6 7. Nf3 Nb6 8. Bd3
Bd7 9. O-O Bc6 10. Nc3 N8d7 11. Bf4 ({Rozentalis/Harley in Play the 2.c3
Sizilian plädieren für} 11. Qe2 Be7 12. Rd1 {wie in Godena- Friedrich,Bratto
2001, aber Karpatchev bevorzugt seine eigene Wege zu gehen.}) 11... dxe5 12.
dxe5 Nc5 {Diagramm [#] Mit einem Friedensangebot.} 13. Bc2 $5 (13. Be2 Nd5 14.
Nxd5 Qxd5 15. Qxd5 Bxd5 ({nicht} 15... exd5 $2 16. Be3 $16 {, Cobb-Cooksey,
Swansea 1995}) 16. Rfc1 Be7 17. Bb5+ Nd7 18. Rc7 Rd8 19. Rac1 a6 20. Be2 O-O
21. a3 f6 $11 {ergibt nichts Greifbares.}) ({In Karpatchev-Van der Lijn, Runde
2, folgte} 13. Bb5 Bxb5 14. Nxb5 Nd5 15. Bg5 Qd7 16. Qe2 h6 17. Be3 Nxe3 ({
einfacher ist} 17... a6 $5 18. Nc3 Nxc3 19. bxc3 Qd3 20. Qb2 b5 21. Rfd1 Na4
$11) 18. fxe3 a6 19. Nc3 Qd3 20. Qf2 Be7 21. Rad1 {, wonach 21...} Qg6 $11 {
gleicht aus.}) 13... Be7 $6 ({Die kritische folge sollte 13...} 13... Nd5 14.
Nxd5 Bxd5 ({abzuraten ist von} 14... Qxd5 15. Qe2 $16) 15. a3 Be7 16. Be3 (16.
Nd2 Bg5 17. Qg4 Bxf4 18. Qxf4 O-O $11 {scheint ausgegelichen}) 16... Rc8 17.
Rc1 $14 {mit etwas Plus für Weiß sein.}) 14. Nd4 O-O 15. Nxc6 bxc6 16. Qg4 Qc7
17. Rae1 ({Weiß spielt kompromislos auf Angriff. Möglich war auch} 17. Rac1
Rfd8 18. Rfe1 g6 (18... Nd3 $2 19. Qh3 $18) 19. Qg3 $16 {und Schwarz ist nicht
zu beneiden.}) 17... Rfd8 18. Re3 g6 19. h4 (19. Rh3 $16 {kam ebenfalls in
Betracht.}) 19... Nc4 20. h5 $1 ({Dies ist stärker als} 20. Rh3 Nxe5 21. Qg3
Bd6 22. h5 $44) 20... Nxe3 21. fxe3 Bf8 22. hxg6 hxg6 23. b4 Nd3 24. Ne4 Bg7 {
Diagramm [#]} 25. Nf6+ $6 ({Nach} 25. Bxd3 Rxd3 26. Qh4 $18 {ist Schwarz
hilflos.}) 25... Bxf6 26. exf6 Qb6 27. a3 Rd5 28. Bxd3 $2 (28. Bg5 Qd8 29. Qh4
Ne5 30. e4 Rb5 31. Rd1 $18 {beendet die Partie.}) 28... Rxd3 29. Qh4 Qd8 30.
Rf3 Rd1+ 31. Kh2 Rd5 32. Rg3 ({Vorsichtiger war} 32. Bg5 $11 {mit Ausgleich.})
32... Rf5 33. Bg5 Qd1 34. Qh6 Qh5+ 35. Qxh5 gxh5 36. e4 Rf1 37. Bh4+ Kh8 38.
Rg5 Rd8 39. Rxh5+ Kg8 40. Rg5+ Kf8 41. Ra5 Rf4 42. Rh5 Kg8 43. Rg5+ Kf8 44. Rh5
1/2-1/2

[Event "Ghent op 28th"]
[Site "Ghent"]
[Date "2005.07.20"]
[Round "9"]
[White "Seger, Ruediger"]
[Black "Emms, John M"]
[Result "1-0"]
[WhiteElo "2413"]
[BlackElo "2509"]
[Annotator "Gutman,L"]
[PlyCount "79"]
[EventDate "2005.07.16"]
[EventType "swiss"]
[EventRounds "9"]
[EventCountry "BEL"]
[SourceTitle "CBM 107 Extra"]
[Source "ChessBase"]
[SourceDate "2005.09.01"]
[SourceVersion "1"]
[SourceVersionDate "2005.09.01"]
[SourceQuality "1"]

1. e4 c5 2. c3 d5 3. exd5 Qxd5 4. d4 Nc6 5. Nf3 Bg4 (5... cxd4 6. cxd4 e5 7.
Nc3 Bb4 8. Bd2 Bxc3 9. Bxc3 e4 10. Nd2 Nf6 11. Bc4 Qg5 12. d5 Ne5 13. Bb5+ Kf8
14. Qb3 e3 15. Bb4+ Kg8 16. Qxe3 ({nach} 16. fxe3 $2 Qxg2 17. O-O-O Bg4 {
gewann Schwarz in Jonkman-Kristiansen, Canadian Open 2003}) 16... Qxe3+ 17.
fxe3 Nxd5 18. Bc5 Bd7 19. Be2 b6 20. Bd4 Nc6 {führte zum Remis in
Seger-Struemer, Gent 2005, Runde 3}) 6. Be2 cxd4 7. cxd4 e6 8. h3 Bh5 9. O-O
Nf6 10. Nc3 Qa5 (10... Qd6 11. Be3 Be7 {würde früher als solider angesehen,
Schmitdiel-Bönsch, BL 2002/2003}) 11. Be3 Bd6 12. a3 ({Vermeidet} 12. Qb3 Qb4)
12... O-O 13. Qb3 Rab8 14. Rfd1 Nd5 (14... Rfd8 15. Qb5 Qxb5 16. Nxb5 Nd5 17.
Nxd6 Rxd6 {sahen wir in Brady-Nisipianu, Aosta 2004}) 15. Nxd5 exd5 16. g4 Bg6
17. Ne5 Be4 $6 (17... Bxe5 18. dxe5 d4 19. Bf4 Qc7 20. Rac1 Rbc8 {und der
Kampf bleibt offen}) 18. Nd7 Qd8 19. Nxf8 Qh4 20. Bf1 {Diese einfache Antwort
wurde von Schwarz total übersehen.} Rxf8 21. Bg2 h5 22. Bxe4 dxe4 23. Qd5 Qf6
24. Qxe4 hxg4 25. Qxg4 Bb8 26. Rac1 Re8 27. Rc5 Qd6 28. Rg5 g6 29. h4 Ne7 30.
h5 Nd5 31. Qg2 Nxe3 32. fxe3 Rxe3 33. hxg6 f5 34. g7 Qe6 35. Rf1 Re2 36. Qf3
Rh2 37. Rc1 Bc7 38. Rh5 Bb6 39. Rc8+ Kxg7 40. Qxb7+ 1-0

[Event "Bad Woerishofen op 21st"]
[Site "Bad Woerishofen"]
[Date "2005.03.10"]
[Round "8"]
[White "Tiviakov, Sergei"]
[Black "Zhang, Pengxiang"]
[Result "1/2-1/2"]
[WhiteElo "2625"]
[BlackElo "2560"]
[Annotator "Gutman,L"]
[PlyCount "34"]
[EventDate "2005.03.04"]
[EventType "swiss"]
[EventRounds "9"]
[EventCountry "GER"]
[SourceTitle "EXT 2006"]
[Source "ChessBase"]
[SourceDate "2005.11.24"]
[SourceVersion "1"]
[SourceVersionDate "2005.11.24"]
[SourceQuality "1"]

1. e4 c5 2. Nf3 Nc6 3. c3 Nf6 4. e5 Nd5 5. Bc4 Nb6 6. Bb3 d5 7. exd6 Qxd6 8.
O-O Be6 9. Na3 Bxb3 10. axb3 Qd3 11. Qc2 Rd8 12. Qxd3 Rxd3 13. Nc2 e6 14. Nfe1
Rd7 15. Nf3 Rd3 (15... a6 16. d4 cxd4 17. Ncxd4 Nxd4 18. Nxd4 Bc5 19. Nf3 O-O)
16. Nfe1 Rd7 17. Nf3 Rd3 1/2-1/2

[Event "Pardubice op-A"]
[Site "Pardubice"]
[Date "2005.07.29"]
[Round "8"]
[White "Potkin, Vladimir"]
[Black "Shalimov, Valery"]
[Result "1-0"]
[WhiteElo "2534"]
[BlackElo "2426"]
[Annotator "Gutman,L"]
[PlyCount "117"]
[EventDate "2005.07.22"]
[EventType "swiss"]
[EventRounds "9"]
[EventCountry "CZE"]
[SourceTitle "CBM 107 Extra"]
[Source "ChessBase"]
[SourceDate "2005.09.01"]
[SourceVersion "1"]
[SourceVersionDate "2005.09.01"]
[SourceQuality "1"]

1. e4 c5 2. Nf3 Nc6 3. c3 d5 4. exd5 Qxd5 5. d4 Nf6 6. Be2 e6 7. O-O cxd4 8.
cxd4 Be7 9. Nc3 Qd6 10. Nb5 Qd8 11. Bf4 Nd5 12. Bg3 O-O 13. Bc4 a6 14. Bxd5
axb5 15. Be4 Qb6 (15... b4 16. Re1 Ra5 17. Qc2 h6 (17... Nxd4 18. Nxd4 Qxd4 19.
Bxh7+ Kh8 20. Bd3 Rc5 21. Qe2) 18. Bxc6 bxc6 19. Qxc6 Bd7 20. Qc2 Qa8 {gibt
Sveschnikov als unklar an, Sveschnikov-Bukic. Bled 1994}) 16. Bf4 ({Eine
Verbesserung gegenüber} 16. Qe2 Nxd4 $5 (16... Rd8 17. Rfd1 Bf6 18. Be5 Be7 19.
d5 Nxe5 20. Nxe5 {Potkin-Lugovoi, Moskau 1998}) (16... b4 17. Rfd1) 17. Nxd4
Qxd4 18. Rfd1 Qb6 19. Be5 b4 20. Qg4 g6) 16... Bd7 (16... Rd8 17. Be3 g6 18.
Qe2 $6 (18. h4 $5 b4 19. h5 Qb5 20. hxg6 hxg6 {Domnin-Arutunian, Olomouc 2002}
21. Bd3 Qd5 22. Qe2) 18... Nb4 19. a3 Nd5 20. Ne5) 17. Qe2 Ra4 $2 ({Bei} 17...
Rfd8 {ist} 18. d5 exd5 19. Bxd5 {störend}) (17... f5 $5 18. Bc2 Bf6 {scheint
das kleinere Übel zu sein,} 19. Be3 (19. Be5 Nxe5 20. dxe5 Be7 21. Rfd1 Rfd8)
19... Nb4 20. Bb3 Qd6 (20... Nd5 21. Bxd5 exd5 22. Rfd1 Qe6 23. Qd2 Rac8 24.
Bf4 Rfe8 25. Be5) 21. Rfe1 Rae8 22. Bg5 Nc6 $14) 18. Rfd1 Rd8 19. Be3 (19. b3
$1 Raa8 20. d5 exd5 21. Rxd5 Bf6 22. Rad1 {mit weißem Druckspiel.}) 19... Be8
$2 (19... Qa6 20. b3 Ra3 $13) 20. Bc2 $18 Qa5 21. Bxa4 bxa4 22. a3 Qh5 23. Rac1
Bd6 24. Re1 h6 25. h3 Qg6 26. Qc2 Qxc2 27. Rxc2 Ne7 28. Ne5 (28. Bd2 $5 Nd5 29.
Rec1 $18) 28... f6 29. Nd3 Bg6 30. Rd2 Nd5 31. Rc1 b6 32. Rdd1 Kf8 33. Kf1 Ke7
34. Ke2 Kd7 35. Bd2 Ra8 36. f3 Bh7 37. Nf2 Be7 38. Ne4 g5 39. Nc3 Nc7 40. d5 e5
41. Be3 b5 42. Ne4 Bxe4 43. fxe4 Ne8 44. Bc5 Bxc5 45. Rxc5 Nd6 46. Kd3 Rb8 47.
Rdc1 Rb7 48. Rc6 b4 49. Ra6 bxa3 50. bxa3 Rb3+ 51. Rc3 Rxc3+ 52. Kxc3 Nxe4+ 53.
Kc2 h5 54. Rxa4 Nc5 55. Ra7+ Kd6 56. Rf7 Ne4 57. a4 Kc5 58. a5 Kb5 59. d6 1-0